[Event "Moscow Region Rapid Cup"]
[Site "Moscow"]
[Date "2024.11.29"]
[Round "2"]
[White "Malakhov, Vladimir"]
[Black "Goryachkina, Aleksandra"]
[Result "1/2-1/2"]
[WhiteElo "2642"]
[BlackElo "2528"]
[PlyCount "104"]
[EventDate "2024.11.29"]
[EventType "tourn (rapid)"]
[EventRounds "14"]
[EventCountry "RUS"]
[EventCategory "16"]
[SourceTitle "CB49_2024"]
[SourceDate "2024.12.04"]
[SourceVersion "1"]
[SourceVersionDate "2024.12.04"]
[SourceQuality "1"]

1. Nf3 d5 2. e3 Nf6 3. c4 e6 4. Nc3 Bd6 5. b3 c6 6. d4 0-0 7. Bd3 Nbd7 8. Bb2 Re8 9. h3 Qe7 10. Qc2 dxc4 11. Bxc4 b5 12. Bd3 Bb7 13. 0-0 Rac8 14. e4 c5 15. e5 Bxf3 16. exd6 Qf8 17. Nxb5 cxd4 18. Qd2 Bb7 19. Nxa7 Rc5 20. Bxd4 Rd5 21. Bc4 Ne4 22. Qe3 Rh5 23. Nb5 Nxd6 24. Nxd6 Qxd6 25. Rad1 Qc7 26. Qg3 e5 27. Bb2 Nf6 28. f3 h6 29. h4 Rf5 30. Rfe1 Qc5+ 31. Qf2 Qa5 32. Qd2 Qa7+ 33. Qf2 Qa5 34. Qd2 Qa7+ 35. Qe3 Qxa2 36. Bc3 Qa8 37. Rd6 Bxf3 38. Ra1 Qe4 39. Qxe4 Nxe4 40. Rd7 Nxc3 41. gxf3 Rxf3 42. Rf1 Rxf1+ 43. Kxf1 Rf8 44. Re7 g6 45. Rxe5 Kg7 46. Re7 Kf6 47. Rd7 g5 48. hxg5+ hxg5 49. b4 Rb8 50. Rxf7+ Ke5 51. b5 Nxb5 52. Bxb5 Rxb5 1/2-1/2

[Event "RUS-chT Rapid"]
[Site "Sochi"]
[Date "2024.10.19"]
[Round "9.12"]
[White "Samusenko, Maksim"]
[Black "Malakhov, Vladimir"]
[Result "0-1"]
[WhiteElo "2431"]
[BlackElo "2642"]
[PlyCount "90"]
[EventDate "2024.10.18"]
[EventType "team-swiss (rapid)"]
[EventRounds "9"]
[EventCountry "RUS"]
[SourceTitle "CB43_2024"]
[Source "Chessbase"]
[SourceDate "2024.10.23"]
[SourceVersion "1"]
[SourceVersionDate "2024.10.23"]
[SourceQuality "1"]
[WhiteTeam "Tatarstan"]
[BlackTeam "Moscow Region"]
[WhiteTeamCountry "RUS"]
[BlackTeamCountry "RUS"]

1. e4 e5 2. Nf3 Nc6 3. Nc3 Nf6 4. d4 exd4 5. Nxd4 Bb4 6. Nxc6 bxc6 7. Bd3 0-0 8. 0-0 Rb8 9. e5 Nd5 10. Ne4 f5 11. Ng5 Be7 12. Nf3 d6 13. a3 Kh8 14. Re1 c5 15. c4 Nb6 16. Rb1 d5 17. cxd5 Nxd5 18. Qc2 Be6 19. Be3 Nxe3 20. Rxe3 Qd5 21. Be2 Rfd8 22. Rc3 Qa2 23. h3 Rb3 24. Rxb3 Qxb3 25. Rc1 Qxc2 26. Rxc2 Kg8 27. Kf1 Kf7 28. Bc4 Bxc4+ 29. Rxc4 Rb8 30. Rc2 Ke6 31. Ke2 g5 32. g4 Rb3 33. Rd2 f4 34. Rc2 h6 35. Rd2 Bf8 36. Rc2 Be7 37. Rd2 c6 38. Rc2 Kd5 39. Rd2+ Ke4 40. Ne1 Kxe5 41. Nd3+ Ke6 42. h4 c4 43. Nc1 Rh3 44. hxg5 f3+ 45. Kd1 Bxg5 0-1

[Event "RUS-chT Rapid"]
[Site "Sochi"]
[Date "2024.10.18"]
[Round "4.12"]
[White "Tkachuk, Andrey1"]
[Black "Malakhov, Vladimir"]
[Result "0-1"]
[WhiteElo "2017"]
[BlackElo "2642"]
[PlyCount "112"]
[EventDate "2024.10.18"]
[EventType "team-swiss (rapid)"]
[EventRounds "9"]
[EventCountry "RUS"]
[SourceTitle "CB43_2024"]
[Source "Chessbase"]
[SourceDate "2024.10.23"]
[SourceVersion "1"]
[SourceVersionDate "2024.10.23"]
[SourceQuality "1"]
[WhiteTeam "Batareya Samara Region"]
[BlackTeam "Moscow Region"]
[WhiteTeamCountry "RUS"]
[BlackTeamCountry "RUS"]

1. e4 c5 2. Nf3 e6 3. d4 cxd4 4. Nxd4 a6 5. Bd3 Qc7 6. 0-0 Nf6 7. Qe2 d6 8. b3 Nbd7 9. c4 Be7 10. Bb2 0-0 11. Nd2 b6 12. Rae1 Re8 13. f4 e5 14. Nf5 Bf8 15. Qf3 Bb7 16. Bb1 b5 17. Kh1 g6 18. Ne3 Bg7 19. Nd5 Bxd5 20. exd5 exf4 21. Bxf6 Nxf6 22. Qxf4 b4 23. Nf3 Rxe1 24. Rxe1 Re8 25. Rxe8+ Nxe8 26. Qe3 Nf6 27. Ne1 Nd7 28. Nd3 a5 29. h3 Ne5 30. Nxe5 Bxe5 31. g4 Qe7 32. Kg2 Kg7 33. Bc2 h6 34. Bd3 Qf6 35. Be4 Bd4 36. Qe2 Qf4 37. Bd3 Be5 38. Qf3 Qh2+ 39. Kf1 Qxa2 40. c5 Qa1+ 41. Kg2 Qb2+ 42. Be2 dxc5 43. Qd3 Bd6 44. Qe3 Qc3 45. Qxc3+ bxc3 46. Bd1 Kf6 47. Kf3 Ke5 48. Ke3 Kxd5 49. Bf3+ Ke6 50. Kd3 Be5 51. Bd1 f5 52. Kc4 Bd4 53. Kd3 Ke5 54. gxf5 gxf5 55. h4 Kf4 56. h5 Ke5 0-1

[Event "RUS-chT Blitz"]
[Site "Sochi"]
[Date "2024.10.17"]
[Round "9.12"]
[White "Malakhov, Vladimir"]
[Black "Levin, Evgeny A"]
[Result "1-0"]
[WhiteElo "2642"]
[BlackElo "2469"]
[PlyCount "147"]
[EventDate "2024.10.17"]
[EventType "team-swiss (blitz)"]
[EventRounds "11"]
[EventCountry "RUS"]
[SourceTitle "CB43_2024"]
[Source "Chessbase"]
[SourceDate "2024.10.23"]
[SourceVersion "1"]
[SourceVersionDate "2024.10.23"]
[SourceQuality "1"]
[WhiteTeam "Moscow Region"]
[BlackTeam "St Petersburg SSHOR"]
[WhiteTeamCountry "RUS"]
[BlackTeamCountry "RUS"]

1. Nf3 Nf6 2. c4 b6 3. g3 Bb7 4. Bg2 c5 5. 0-0 e6 6. Nc3 Be7 7. d4 cxd4 8. Qxd4 0-0 9. Bg5 Nc6 10. Qd2 Na5 11. b3 d5 12. cxd5 Nxd5 13. Nxd5 Bxd5 14. Bxe7 Qxe7 15. Ne5 Rfd8 16. Qe3 Bxg2 17. Kxg2 f6 18. Nd3 e5 19. Rac1 Rac8 20. Rxc8 Rxc8 21. Rc1 Qb7+ 22. f3 Rxc1 23. Qxc1 e4 24. Nf4 exf3+ 25. exf3 Qc6 26. Qd2 Nb7 27. h4 Nd6 28. h5 Nf7 29. Qd5 Qxd5 30. Nxd5 Ne5 31. h6 gxh6 32. Nxf6+ Kf7 33. Ne4 Nd3 34. f4 Ke6 35. Kf3 Nb4 36. Nc3 Nd3 37. Ke3 Nc5 38. b4 Nd7 39. g4 Nf6 40. Kf3 Nd7 41. Nb5 a5 42. bxa5 bxa5 43. Nd4+ Kf6 44. Ke4 Nc5+ 45. Ke3 a4 46. Ne2 Na6 47. Nc3 Nb4 48. Ke4 a3 49. Kd4 Nc2+ 50. Kd3 Nb4+ 51. Kc4 Nc2 52. Kb3 Ne3 53. Ne4+ Ke6 54. Nf2 h5 55. gxh5 Kf5 56. Kxa3 Kxf4 57. Kb4 Nd5+ 58. Kc4 Nb6+ 59. Kb5 Nd5 60. Nd1 Kg5 61. a4 Nc7+ 62. Kb6 Nd5+ 63. Kc5 Nc7 64. Kc6 Na6 65. Nf2 Kxh5 66. Nd3 Kg5 67. Kb7 h5 68. Kxa6 h4 69. Nf2 Kf4 70. Kb5 Kf3 71. Nh3 Kg4 72. a5 Kxh3 73. a6 Kh2 74. a7 1-0

[Event "RUS-chT Blitz"]
[Site "Sochi"]
[Date "2024.10.17"]
[Round "11.8"]
[White "Malakhov, Vladimir"]
[Black "Zarubitski, Viachaslau"]
[Result "1-0"]
[WhiteElo "2642"]
[BlackElo "2389"]
[PlyCount "123"]
[EventDate "2024.10.17"]
[EventType "team-swiss (blitz)"]
[EventRounds "11"]
[EventCountry "RUS"]
[SourceTitle "CB43_2024"]
[Source "Chessbase"]
[SourceDate "2024.10.23"]
[SourceVersion "1"]
[SourceVersionDate "2024.10.23"]
[SourceQuality "1"]
[WhiteTeam "Moscow Region"]
[BlackTeam "Belarus"]
[WhiteTeamCountry "RUS"]
[BlackTeamCountry "BLR"]

1. Nf3 Nf6 2. c4 c6 3. Nc3 d5 4. e3 g6 5. d4 Bg7 6. Be2 0-0 7. 0-0 Ne4 8. Qc2 Bf5 9. Bd3 Nxc3 10. Bxf5 gxf5 11. bxc3 e6 12. cxd5 cxd5 13. Ba3 Re8 14. c4 dxc4 15. Qxc4 Nc6 16. Rab1 Qd7 17. Rfd1 Rec8 18. Qb5 Rc7 19. d5 a6 20. Qb3 Na5 21. dxe6 Qxe6 22. Qd3 Qe4 23. Qd5 Nc4 24. Bb4 Rac8 25. h3 h6 26. Be1 b5 27. Bb4 Nb6 28. Qd6 Rc6 29. Qd3 Qxd3 30. Rxd3 Rc1+ 31. Rxc1 Rxc1+ 32. Kh2 Rc4 33. a3 Rc6 34. Nd4 Bxd4 35. Rxd4 Nc4 36. Rf4 a5 37. Be7 Rc7 38. Bf6 Nxa3 39. Rxf5 a4 40. Bb2 Nc4 41. Rxb5 a3 42. Bd4 a2 43. Rb8+ Kh7 44. Ra8 Nd2 45. Rxa2 Nf1+ 46. Kg1 Rc1 47. Ra1 Rxa1 48. Bxa1 Nd2 49. f3 Kg6 50. Kf2 Nb3 51. Bd4 Nc1 52. e4 Nb3 53. Bc3 Nc5 54. Ke3 f5 55. exf5+ Kxf5 56. g4+ Kg5 57. Be1 h5 58. f4+ Kh6 59. Kd4 Nd7 60. Bh4 Kg6 61. f5+ Kf7 62. g5 1-0

[Event "Julius Baer GenCup Pl/In"]
[Site "Chess.com INT"]
[Date "2024.09.25"]
[Round "4"]
[White "Malakhov, Vladimir"]
[Black "Jumabayev, Rinat"]
[Result "0-1"]
[WhiteElo "2642"]
[BlackElo "2577"]
[PlyCount "136"]
[EventDate "2024.09.25"]
[EventType "swiss (rapid)"]
[EventRounds "9"]
[EventCountry "GER"]
[SourceTitle "EXT 2025"]
[Source "ChessBase"]
[SourceDate "2024.10.14"]
[SourceVersion "1"]
[SourceVersionDate "2024.10.14"]
[SourceQuality "1"]

1. e4 c5 2. Nf3 e6 3. c4 Nc6 4. d4 cxd4 5. Nxd4 Nf6 6. Nc3 Bb4 7. Nxc6 dxc6 8. Qxd8+ Kxd8 9. e5 Ne4 10. a3 Bxc3+ 11. bxc3 Nxc3 12. Bd3 Na4 13. h4 Kc7 14. h5 Nc5 15. Bc2 h6 16. Rh3 Bd7 17. Rg3 Rag8 18. Be3 b6 19. Bxc5 bxc5 20. Rb1 Bc8 21. Kd2 f6 22. f4 fxe5 23. fxe5 Rd8+ 24. Kc3 Rd7 25. Rf1 Rhd8 26. Rf4 Re7 27. Rfg4 Rdd7 28. Rg6 Kb6 29. Rf3 Rd8 30. Rg4 Ba6 31. Rgf4 Red7 32. Bd3 Rd4 33. g3 R8d7 34. Be2 Ka5 35. Rf7 Ka4 36. Rxd7 Rxd7 37. Bd3 Rd4 38. Rf4 Rd7 39. Bc2+ Ka5 40. Bd3 Kb6 41. Rg4 Kc7 42. Rg6 Re7 43. Rg4 Bc8 44. Rf4 Bd7 45. g4 Be8 46. Bc2 Bd7 47. Bd3 Bc8 48. Bc2 Rd7 49. Bd3 Ba6 50. Bc2 Kb6 51. Bd3 Rd4 52. Rxd4 cxd4+ 53. Kxd4 c5+ 54. Kc3 Bb7 55. Be2 Ka5 56. Bd1 Be4 57. Kd2 Bc6 58. Ke3 Ba4 59. Bf3 Bb3 60. Kd3 Ka4 61. Kc3 Kxa3 62. g5 hxg5 63. Bg4 a5 64. Bxe6 Bd1 65. Bf7 g4 66. Kd2 g3 67. Ke3 Bg4 68. Kf4 g2 0-1

[Event "Julius Baer GenCup Pl/In"]
[Site "Chess.com INT"]
[Date "2024.09.25"]
[Round "2"]
[White "Malakhov, Vladimir"]
[Black "Woodward, Andy"]
[Result "0-1"]
[WhiteElo "2642"]
[BlackElo "2545"]
[PlyCount "66"]
[EventDate "2024.09.25"]
[EventType "swiss (rapid)"]
[EventRounds "9"]
[EventCountry "GER"]
[SourceTitle "EXT 2025"]
[Source "ChessBase"]
[SourceDate "2024.10.14"]
[SourceVersion "1"]
[SourceVersionDate "2024.10.14"]
[SourceQuality "1"]

1. Nf3 d5 2. e3 Nf6 3. c4 e6 4. Nc3 b6 5. cxd5 exd5 6. g3 Bb7 7. Bg2 Nbd7 8. 0-0 a6 9. b3 g6 10. d4 Bd6 11. Bb2 Qe7 12. Ne2 0-0-0 13. Nf4 h5 14. Nd3 Ne4 15. Nfe5 h4 16. Rc1 hxg3 17. fxg3 f6 18. Nxg6 Qh7 19. Nxh8 Rxh8 20. h3 Nxg3 21. Rf3 Rg8 22. Nf4 Ne4 23. Qc2 Qh4 24. Ba3 c5 25. Rcf1 Ng5 26. dxc5 bxc5 27. Bxc5 Nxf3+ 28. Rxf3 Nxc5 29. b4 d4 30. bxc5 Qe1+ 31. Kh2 Bxf4+ 32. exf4 Bxf3 33. Qf5+ Kb8 0-1

[Event "Julius Baer GenCup Pl/In"]
[Site "Chess.com INT"]
[Date "2024.09.25"]
[Round "8"]
[White "Mekhitarian, Krikor Sevag"]
[Black "Malakhov, Vladimir"]
[Result "0-1"]
[WhiteElo "2560"]
[BlackElo "2642"]
[PlyCount "106"]
[EventDate "2024.09.25"]
[EventType "swiss (rapid)"]
[EventRounds "9"]
[EventCountry "GER"]
[SourceTitle "EXT 2025"]
[Source "ChessBase"]
[SourceDate "2024.10.14"]
[SourceVersion "1"]
[SourceVersionDate "2024.10.14"]
[SourceQuality "1"]

1. Nf3 d5 2. c4 e6 3. d4 a6 4. cxd5 exd5 5. Nc3 Nf6 6. Bg5 Be6 7. Qb3 Nbd7 8. e3 Bd6 9. Bd3 Rb8 10. 0-0 c6 11. Bf4 Qc7 12. Bxd6 Qxd6 13. h3 0-0 14. a4 a5 15. Qa3 Qxa3 16. bxa3 Ne8 17. Rab1 Nd6 18. Rb2 Bf5 19. Bxf5 Nxf5 20. Rfb1 Nd6 21. Nd2 Rbe8 22. Ne2 f6 23. Nc1 Rc8 24. Nd3 b6 25. Rc2 g5 26. Rbc1 Nb8 27. h4 h6 28. g4 Rc7 29. Kg2 Re8 30. Rb1 Nd7 31. Rbc1 Rec8 32. hxg5 hxg5 33. f3 c5 34. Kf2 c4 35. Ne1 f5 36. gxf5 Nxf5 37. Nb1 Nf6 38. Nc3 Re7 39. Ng2 Rce8 40. Re2 g4 41. Rce1 gxf3 42. Kxf3 Rg7 43. Nf4 Rg3+ 44. Kf2 Ng4+ 45. Kf1 Ngxe3+ 46. Rxe3 Rexe3 47. Rxe3 Rxe3 48. Nfxd5 Rd3 49. Ke2 Nxd4+ 50. Kf2 Nc2 51. Ne4 Nxa3 52. Nxb6 c3 53. Ke2 c2 0-1

[Event "Julius Baer GenCup Pl/In"]
[Site "Chess.com INT"]
[Date "2024.09.25"]
[Round "5"]
[White "Volokitin, Andrei"]
[Black "Malakhov, Vladimir"]
[Result "0-1"]
[WhiteElo "2660"]
[BlackElo "2642"]
[PlyCount "90"]
[EventDate "2024.09.25"]
[EventType "swiss (rapid)"]
[EventRounds "9"]
[EventCountry "GER"]
[SourceTitle "EXT 2025"]
[Source "ChessBase"]
[SourceDate "2024.10.14"]
[SourceVersion "1"]
[SourceVersionDate "2024.10.14"]
[SourceQuality "1"]

1. e4 e5 2. Nf3 Nc6 3. Bc4 Bc5 4. 0-0 Nf6 5. d3 h6 6. c3 d6 7. Re1 0-0 8. Nbd2 a6 9. a4 Ba7 10. Nf1 Re8 11. Ng3 Be6 12. Bxe6 Rxe6 13. b4 d5 14. Qc2 Qd7 15. Rb1 Rd8 16. b5 axb5 17. axb5 Ne7 18. Be3 Bxe3 19. Rxe3 c6 20. bxc6 Nxc6 21. Nf5 dxe4 22. dxe4 Ne7 23. c4 Qc7 24. Reb3 Nxf5 25. exf5 Re7 26. Rxb7 Qxb7 27. Rxb7 Rxb7 28. g3 e4 29. Nd2 Rd4 30. c5 Rbd7 31. Nb3 R4d5 32. Qc4 Rxf5 33. c6 Rc7 34. Qa6 Rd5 35. Qb6 Ne8 36. Nc5 Rd6 37. Qb8 Kf8 38. Nd7+ Ke7 39. Ne5 f6 40. Ng6+ Kf7 41. Nf4 Rcxc6 42. Qb3+ Ke7 43. Ng6+ Kd8 44. Qf7 Rd7 45. Qf8 e3 0-1

[Event "Titled Tuesday intern op 24th Sep Late"]
[Site "Chess.com INT"]
[Date "2024.09.24"]
[Round "5"]
[White "Kiewra, Keaton F"]
[Black "Malakhov, Vladimir"]
[Result "0-1"]
[WhiteElo "2293"]
[BlackElo "2642"]
[PlyCount "62"]
[EventDate "2024.09.24"]
[EventType "swiss (blitz)"]
[EventRounds "11"]
[EventCountry "USA"]
[SourceTitle "EXT 2025"]
[Source "ChessBase"]
[SourceDate "2024.10.14"]
[SourceVersion "1"]
[SourceVersionDate "2024.10.14"]
[SourceQuality "1"]

1. Nf3 d5 2. e3 Nf6 3. c4 c6 4. Nc3 a6 5. Qc2 g6 6. d4 Bg7 7. Bd3 0-0 8. 0-0 Bg4 9. Ne5 Be6 10. b3 c5 11. Bb2 cxd4 12. exd4 Nc6 13. Nxc6 bxc6 14. Rfe1 dxc4 15. bxc4 Qxd4 16. Nd5 Qa7 17. Nxf6+ Bxf6 18. Bxf6 exf6 19. c5 Rfd8 20. Rab1 Rab8 21. Qc3 Rxb1 22. Rxb1 Kg7 23. h4 Rxd3 24. Qxd3 Bf5 25. Qb3 Bxb1 26. Qxb1 Qxc5 27. Qb2 h5 28. g3 Qc4 29. Kg2 c5 30. Kf3 Qd3+ 31. Kg2 c4 0-1

[Event "Titled Tuesday intern op 24th Sep Late"]
[Site "Chess.com INT"]
[Date "2024.09.24"]
[Round "4"]
[White "Malakhov, Vladimir"]
[Black "Lorenzo de la Riva, Lazaro"]
[Result "1-0"]
[WhiteElo "2642"]
[BlackElo "2415"]
[PlyCount "127"]
[EventDate "2024.09.24"]
[EventType "swiss (blitz)"]
[EventRounds "11"]
[EventCountry "USA"]
[SourceTitle "EXT 2025"]
[Source "ChessBase"]
[SourceDate "2024.10.14"]
[SourceVersion "1"]
[SourceVersionDate "2024.10.14"]
[SourceQuality "1"]

1. Nf3 e6 2. c4 d5 3. e3 Nf6 4. Nc3 Bd6 5. b3 b6 6. cxd5 exd5 7. g3 0-0 8. Bg2 Ba6 9. d3 c6 10. 0-0 Nbd7 11. Bb2 Re8 12. Qc2 Bb7 13. Rac1 Bf8 14. Ne2 Rc8 15. Qb1 a5 16. Rfe1 Qc7 17. Nf4 Qb8 18. d4 Qa8 19. Nd3 Ne4 20. Rc2 a4 21. Nfe5 Nxe5 22. Nxe5 f6 23. Nd3 axb3 24. axb3 Ba6 25. Nf4 Bb5 26. Qd1 Qb7 27. Qg4 Qf7 28. Rec1 f5 29. Qd1 Bd6 30. Nd3 Qd7 31. Bf1 Nf6 32. Ne5 Bxe5 33. Bxb5 cxb5 34. dxe5 Rxc2 35. Qxc2 Ng4 36. Qc7 Qxc7 37. Rxc7 Nxe5 38. Kg2 h6 39. Bd4 Nf7 40. Rb7 Ra8 41. Rxb6 Ra2 42. Rxb5 Ng5 43. Rb7 Ne4 44. Rxg7+ Kf8 45. Rh7 Rxf2+ 46. Kg1 Rc2 47. Rxh6 Kf7 48. Rh7+ Kg6 49. Rg7+ Kh6 50. Rd7 Ng5 51. Rxd5 Nf3+ 52. Kf1 Nxh2+ 53. Ke1 Nf3+ 54. Kd1 Rd2+ 55. Kc1 Kg6 56. b4 Rg2 57. b5 Ne1 58. b6 Nd3+ 59. Kb1 Rh2 60. Rd8 Rh7 61. Kc2 Rg7 62. Bxg7 Nb4+ 63. Kb3 Nc6 64. Rd6+ 1-0

[Event "Titled Tuesday intern op 24th Sep Late"]
[Site "Chess.com INT"]
[Date "2024.09.24"]
[Round "3"]
[White "Malakhov, Vladimir"]
[Black "Petr, Jan1"]
[Result "1-0"]
[WhiteElo "2642"]
[BlackElo "2282"]
[PlyCount "79"]
[EventDate "2024.09.24"]
[EventType "swiss (blitz)"]
[EventRounds "11"]
[EventCountry "USA"]
[SourceTitle "EXT 2025"]
[Source "ChessBase"]
[SourceDate "2024.10.14"]
[SourceVersion "1"]
[SourceVersionDate "2024.10.14"]
[SourceQuality "1"]

1. Nf3 Nf6 2. c4 g6 3. g3 Bg7 4. Bg2 0-0 5. 0-0 d6 6. d4 Nbd7 7. Nc3 e5 8. e3 Re8 9. Qc2 c6 10. b3 Nf8 11. dxe5 dxe5 12. Ba3 h5 13. Rfd1 Qa5 14. Bb2 N8h7 15. a3 Bf5 16. e4 Be6 17. b4 Qc7 18. c5 a5 19. Na4 Nd7 20. h3 f6 21. Bf1 Kh8 22. Kh2 Qc8 23. Bc4 Bxh3 24. Kxh3 Nxc5+ 25. Kg2 Nxa4 26. Bf7 Nxb2 27. Qxb2 Rf8 28. Bxg6 f5 29. Rh1 fxe4 30. Bxe4 Nf6 31. Nxe5 Qe6 32. Ng6+ Kg8 33. Bc2 Nd5 34. Qa2 Qf6 35. Raf1 Qg5 36. b5 Bd4 37. Nxf8 Rxf8 38. Be4 Kg7 39. Bxd5 cxd5 40. Qe2 1-0

[Event "Titled Tuesday intern op 17th Sep Late"]
[Site "Chess,com INT"]
[Date "2024.09.17"]
[Round "11"]
[White "Dobrowolski, Piotr"]
[Black "Malakhov, Vladimir"]
[Result "0-1"]
[WhiteElo "2391"]
[BlackElo "2642"]
[PlyCount "74"]
[EventDate "2024.09.17"]
[EventType "swiss (blitz)"]
[EventRounds "11"]
[EventCountry "USA"]
[SourceTitle "EXT 2025"]
[Source "ChessBase"]
[SourceDate "2024.10.14"]
[SourceVersion "1"]
[SourceVersionDate "2024.10.14"]
[SourceQuality "1"]

1. e4 c5 2. Nf3 e6 3. d4 cxd4 4. Nxd4 a6 5. c4 Qc7 6. Nc3 d6 7. Be2 Nf6 8. Be3 b6 9. 0-0 Bb7 10. f3 Be7 11. Qd2 Nbd7 12. Rfc1 0-0 13. a4 Rfe8 14. a5 bxa5 15. Nb3 Rab8 16. Nxa5 Ba8 17. Na4 Nc5 18. b4 Nxa4 19. Rxa4 Rec8 20. Raa1 Qd7 21. Bf1 h6 22. b5 axb5 23. cxb5 Rxc1 24. Rxc1 Bd8 25. Nc6 Bxc6 26. bxc6 Qc7 27. Ba6 Rb3 28. Bb7 d5 29. Rd1 Be7 30. Bf4 e5 31. Bg3 dxe4 32. fxe4 Nxe4 33. Qd5 Qb6+ 34. Kh1 Nc3 35. Qd7 Nxd1 36. Qc8+ Bf8 37. c7 Nf2+ 0-1

[Event "Titled Tuesday intern op 17th Sep Late"]
[Site "Chess,com INT"]
[Date "2024.09.17"]
[Round "5"]
[White "Malakhov, Vladimir"]
[Black "Cervantes Landeiro, Thalia"]
[Result "1-0"]
[WhiteElo "2642"]
[BlackElo "2303"]
[PlyCount "39"]
[EventDate "2024.09.17"]
[EventType "swiss (blitz)"]
[EventRounds "11"]
[EventCountry "USA"]
[SourceTitle "EXT 2025"]
[Source "ChessBase"]
[SourceDate "2024.10.14"]
[SourceVersion "1"]
[SourceVersionDate "2024.10.14"]
[SourceQuality "1"]

1. Nf3 Nf6 2. c4 c5 3. Nc3 e6 4. e4 d6 5. d4 cxd4 6. Nxd4 Nc6 7. Be2 Be7 8. 0-0 0-0 9. Be3 d5 10. cxd5 exd5 11. Nxc6 bxc6 12. exd5 cxd5 13. Bd4 Be6 14. Bf3 Rb8 15. b3 Qa5 16. Rc1 Ne4 17. Qe2 Rbc8 18. Nxe4 dxe4 19. Bxe4 Qxa2 20. Qxa2 1-0

[Event "Titled Tuesday intern op 17th Sep Late"]
[Site "Chess,com INT"]
[Date "2024.09.17"]
[Round "4"]
[White "Malakhov, Vladimir"]
[Black "Oparin, Grigoriy"]
[Result "1/2-1/2"]
[WhiteElo "2642"]
[BlackElo "2662"]
[PlyCount "120"]
[EventDate "2024.09.17"]
[EventType "swiss (blitz)"]
[EventRounds "11"]
[EventCountry "USA"]
[SourceTitle "EXT 2025"]
[Source "ChessBase"]
[SourceDate "2024.10.14"]
[SourceVersion "1"]
[SourceVersionDate "2024.10.14"]
[SourceQuality "1"]

1. e4 c5 2. Nf3 Nc6 3. d4 cxd4 4. Nxd4 e5 5. Nb5 d6 6. c4 g6 7. N1c3 a6 8. Na3 Bg7 9. Be2 Nf6 10. 0-0 0-0 11. Nc2 Be6 12. Be3 Qa5 13. f3 Nh5 14. Qd2 Rac8 15. Rfd1 Rfd8 16. Nd5 Qxd2 17. Rxd2 Bxd5 18. cxd5 Nd4 19. Nxd4 exd4 20. Bf2 Rc7 21. Bf1 Rdc8 22. Rad1 Rc2 23. a4 Bh6 24. Rxc2 Rxc2 25. Rxd4 Bg7 26. Rb4 Rxb2 27. Rxb2 Bxb2 28. g3 Kf8 29. Bh3 b5 30. a5 Bc3 31. Bb6 b4 32. Bc8 Nf6 33. Bxa6 Nd7 34. Kg2 b3 35. Bd3 Ke7 36. Bc7 b2 37. a6 Bd4 38. Bb1 Bb6 39. Bxb6 Nxb6 40. Kf2 Kd7 41. Ke3 Kc7 42. Kd4 Nd7 43. Kc3 Kb6 44. Kxb2 Kxa6 45. Kc3 Kb6 46. Kd4 f6 47. f4 Kc7 48. Bd3 Kd8 49. Bb5 Nc5 50. e5 Ke7 51. e6 Nb3+ 52. Kc3 Nc5 53. Bd3 f5 54. Bc2 h5 55. h4 Nb7 56. Kc4 Nc5 57. Kb5 Nb7 58. Kc4 Nc5 59. Kd4 Kf6 60. Kc4 Ke7 1/2-1/2

[Event "Titled Tuesday intern op 17th Sep Late"]
[Site "Chess,com INT"]
[Date "2024.09.17"]
[Round "2"]
[White "Malakhov, Vladimir"]
[Black "Rodriguez, Santiago"]
[Result "1-0"]
[WhiteElo "2642"]
[BlackElo "2252"]
[PlyCount "119"]
[EventDate "2024.09.17"]
[EventType "swiss (blitz)"]
[EventRounds "11"]
[EventCountry "USA"]
[SourceTitle "EXT 2025"]
[Source "ChessBase"]
[SourceDate "2024.10.14"]
[SourceVersion "1"]
[SourceVersionDate "2024.10.14"]
[SourceQuality "1"]

1. d4 Nf6 2. Nf3 e6 3. g3 d5 4. Bg2 Be7 5. 0-0 0-0 6. c4 dxc4 7. Qc2 b5 8. a4 Bb7 9. axb5 a6 10. bxa6 Nxa6 11. Qxc4 c5 12. dxc5 Nxc5 13. Rxa8 Qxa8 14. Nc3 Rc8 15. Qf4 Qa1 16. Ne5 Bxg2 17. Kxg2 Nb3 18. Nd3 Qa8+ 19. Qf3 Qb8 20. Bf4 Qb6 21. Be3 Qa5 22. Qb7 Qa8 23. Qxa8 Rxa8 24. Ne5 Bb4 25. Rd1 h6 26. Rd3 Rc8 27. Ne4 Nc1 28. Bxc1 Rxc1 29. Rd8+ Kh7 30. Nxf6+ gxf6 31. Nxf7 Rc2 32. Kf3 Rxb2 33. Rb8 e5 34. e3 Kg6 35. Nd6 Bc3 36. Rxb2 Bxb2 37. Ke4 Ba3 38. Nf5 h5 39. Nh4+ Kg5 40. h3 Bc5 41. Nf5 Ba7 42. f3 Bb6 43. h4+ Kg6 44. Ne7+ Kf7 45. Nd5 Ba7 46. Kf5 Kg7 47. g4 hxg4 48. fxg4 Bc5 49. e4 Bf2 50. Nxf6 Bxh4 51. Nd7 Bg3 52. Nxe5 Bh2 53. Nf3 Bd6 54. e5 Be7 55. e6 Kh6 56. Ne5 Kg7 57. Nd3 Kh6 58. Nf4 Kg7 59. g5 Kf8 60. Ng6+ 1-0

[Event "Titled Tuesday intern op 17th Sep Late"]
[Site "Chess,com INT"]
[Date "2024.09.17"]
[Round "9"]
[White "Malakhov, Vladimir"]
[Black "Skaric, Djuro"]
[Result "1-0"]
[WhiteElo "2642"]
[BlackElo "2277"]
[PlyCount "115"]
[EventDate "2024.09.17"]
[EventType "swiss (blitz)"]
[EventRounds "11"]
[EventCountry "USA"]
[SourceTitle "EXT 2025"]
[Source "ChessBase"]
[SourceDate "2024.10.14"]
[SourceVersion "1"]
[SourceVersionDate "2024.10.14"]
[SourceQuality "1"]

1. e4 d6 2. d4 g6 3. Nf3 Bg7 4. Bd3 Nf6 5. 0-0 0-0 6. c3 Nc6 7. Re1 e5 8. Nbd2 h6 9. Nf1 Nd7 10. Ng3 Kh7 11. Be3 Nb6 12. Qc2 Bg4 13. d5 Ne7 14. Nd2 f5 15. exf5 Bxf5 16. c4 Nd7 17. f3 Bxd3 18. Qxd3 Nf5 19. Nxf5 gxf5 20. Bf2 Kh8 21. Kh1 Qg5 22. Rg1 b6 23. Raf1 a5 24. Be3 Qh5 25. g4 fxg4 26. fxg4 Qh3 27. Rg3 Rxf1+ 28. Nxf1 Qh4 29. Nd2 Rf8 30. Ne4 Nf6 31. Nf2 e4 32. Qe2 Nd7 33. Rh3 Qe7 34. Bxh6 Kg8 35. Qe3 Qf6 36. Kg2 Ne5 37. Bxg7 Qxg7 38. Qxe4 Rf6 39. g5 Rg6 40. Rg3 Nf7 41. h4 Ne5 42. Qf5 Qf7 43. Qxf7+ Kxf7 44. b3 Rg8 45. Ne4 Kg6 46. h5+ Kf5 47. Nf6 Rxg5 48. Rxg5+ Kxg5 49. Ne8 Nd3 50. Nxc7 Nc1 51. Nb5 Nxa2 52. Nxd6 Kxh5 53. Nc8 Kg6 54. Nxb6 Nc1 55. c5 Kf7 56. c6 Nd3 57. c7 Nf4+ 58. Kf3 1-0